000 00277 a2200097 4500
082 _a624.15136 VER
100 _aVerruijt, Arnold
245 _aSoil Mecahnics
_cArnold Verruijt
260 _aNetherlands :
_bDelft University of Technonlogy,
_c2006
300 _a315p. :
_bill. ;
_c20 cm
650 _aSoil Mecahnics
999 _c1135
_d1135